Research in early childhood
Saved in:
| Main Author: | |
|---|---|
| Format: | Book |
| Language: | English |
| Published: |
Sage Publications
2013
|
| Tags: |
Add Tag
No Tags, Be the first to tag this record!
|
MARC
| LEADER | 00000nam a22000007a 4500 | ||
|---|---|---|---|
| 008 | 210329b ||||| |||| 00| 0 eng d | ||
| 020 | |a 978-0-85702-254-7 | ||
| 100 | |a NOLAN, Andrea. | ||
| 245 | |a Research in early childhood |c Andrea Nolan, Kym Macfarlane and Jennifer Cartmel |g x; 190p.; ill. | ||
| 260 | |b Sage Publications |c 2013 |h Los Angeles |i 692338 |i 692339 |l LB1139.225 .N71 |m Early childhood education – Research – Methodology. | ||
| 500 | |a “It includes index and references” | ||
| 942 | |a lcc |c BK |e YUNUSA, A.A. |f 29/3/21 | ||
| 999 | |c 1043 |d 1043 | ||